Key to success & happiness (Record no. 225954)

MARC details
000 -LEADER
fixed length control field 00538nam a2200181Ia 4500
008 - FIXED-LENGTH DATA ELEMENTS--GENERAL INFORMATION
fixed length control field 191130s2009##################000#0#eng##
020 ## - INTERNATIONAL STANDARD BOOK NUMBER
ISBN 9788179920305
082 ## - DEWEY DECIMAL CLASSIFICATION NUMBER
Classification number 658.4092 RUB
100 ## - MAIN ENTRY--AUTHOR NAME
Personal name Rubino, Dr. Bjoe
245 ## - TITLE STATEMENT
Title Key to success & happiness
Statement of responsibility, etc Dr. Bjoe Rubino
260 ## - PUBLICATION, DISTRIBUTION, ETC. (IMPRINT)
Place of publication Anmedabad
Name of publisher Jaico Publishing House
Year of publication 2009
300 ## - PHYSICAL DESCRIPTION
Number of Pages v, 168p. :ill. ; 23cm
500 ## - GENERAL NOTE
General note Includes bibliographical references and index
991 ## -
-- 121132
Holdings
Withdrawn status Lost status Damaged status Not for loan Home library Current library Shelving location Date acquired Full call number Accession Number Price effective from Koha item type
        Anna Centenary Library Anna Centenary Library 6TH FLOOR, B WING 13.10.2020 658.4092 RUB 380574 13.10.2020 English Books

Find us on the map